MARC

LEADER 00000nas a2200000 a 4500
001 ssj0000696973
003 WaSeSS
005 20200512172242.0
006 m d
007 cr n
008 950601c19939999iaufr p s 0 a0eng
010 |a  2012200400 
022 |a 2168-5738  |y 2168-569X 
035 |a (WaSeSS)ssj0000696973 
037 |b English Dept., 308 English-Philosophy Bldg., Univ. of Iowa, Iowa City, Iowa 52242 
040 |a AU@  |b eng  |e pn  |c AU@  |d OCLCQ  |d DLC  |d OCLCQ  |d DLC  |d OCLCF  |d OCLCQ  |d OCLCO  |d CUS  |d U3W  |d WaSeSS 
042 |a pcc  |a nsdp 
043 |a n-us-ia 
050 0 0 |a E169.1 
050 1 4 |a E171  |b .I59 
082 1 0 |a 3  |2 14 
222 0 |a Iowa journal of cultural studies  |b (Online) 
245 0 0 |a Iowa journal of cultural studies  |h [electronic resource]. 
246 1 |a Cultural studies 
260 |a Iowa City, Iowa :  |b University of Iowa 
310 |a Semiannual (spring and fall),  |b <2002-> 
321 |a Annual,  |b <1994-> 
362 1 |a Began in 1993. 
506 |a License restrictions may limit access. 
515 |a Issues for spring 2002- called issue 1- 
515 |a No issue published spring 2003. 
588 |a Description based on: Issue 1 (spring 2002); title from PDF cover (uiowa.edu website, viewed July 02, 2012). 
588 |a Latest issue consulted: Issues 12/13 (spring/ fall 2010) (viewed July 02, 2012). 
610 2 0 |a University of Iowa  |v Periodicals. 
610 2 7 |a University of Iowa.  |2 fast  |0 (OCoLC)fst00532088 
650 0 |a College students' writings, American  |z Iowa  |z Iowa City  |v Periodicals. 
650 7 |a Civilization.  |2 fast  |0 (OCoLC)fst00862898 
650 7 |a College students' writings, American.  |2 fast  |0 (OCoLC)fst00868081 
651 0 |a United States  |x Civilization  |v Periodicals. 
651 7 |a Iowa  |z Iowa City.  |2 fast  |0 (OCoLC)fst01208636 
651 7 |a United States.  |2 fast  |0 (OCoLC)fst01204155 
655 0 |a Electronic journals. 
710 2 |a University of Iowa. 
776 0 8 |i Print version:  |t Iowa journal of cultural studies  |x 2168-569X  |w (DLC) 2008240304  |w (OCoLC)32581520 
780 0 0 |t Iowa journal of literary studies  |x 2325-8845  |w (DLC) 2012273741  |w (OCoLC)320297856 
850 |a DLC 
856 4 0 |z Full text available from Research Library: 10/01/2003 to 04/30/2017  |u https://search.proquest.com/publication/43694